000 00673nam a2200229Ia 4500
003 GCL
008 140319s9999 xx 000 0 ara d
040 _aGCL /
_cGCL
082 0 4 _a810.8009
_bه ق
100 1 _aهدى حبيشة
245 1 0 _aقراءات من هنا وهناك /
_cهدى حبيشة
260 _a[S.N] :
_bالهيئة المصرية العامة للكتاب ،
_c1988
300 _a115 ص
490 _a
650 0 4 _aالشعر العربى
650 0 4 _aالادب العربى
650 0 4 _aالادب
650 0 4 _aدواوين وقصائد
650 0 4 _aالقصة العربية
650 0 4 _aتاريخ ونقد
942 _2ddc
_cBK
999 _c30483
_d30483